Liptovský Mikuláš

Zobrazenie: Pohľad na ulicu po chodníku kračajú ľudia po ceste ide automobil a cyklista

Bibliographic Details
Other Authors: Hajduch, Ján, 1906-1972 (Photographer)
Format: Photo
Language:Slovak
PhysicalDescription:1 pohľadnica čiernobiela 11 x 15 cm
Published: [Bratislava] VPL 1963
Subjects:

MARC

LEADER 00000nkm a2200000 a 4500
001 vtls011975290
003 SK-MaSNL
005 20260331212216.0
007 kf bo
008 231121s1963 xo g 0k slo
015 |a SNBG1963 
035 |a urn:nbn:sk:snk-km00efm6 
035 |a urn:nbn:sk:snk-km43deg 
035 |a C5AB2441-7241-4897-B4E8-48143BBD3156 
040 |a SNK  |b slo  |c SNK  |e AACR2 
041 0 |a slo 
043 |a e-xo--- 
044 |a xo  |c SK 
072 7 |a 913  |x Regionálna geografia  |2 konspekt 
080 |a 913(437.6)  |2 2011 
080 |a (084.121)  |2 2011 
080 |a 711.73  |2 2011 
100 1 |a Hajduch, Ján,  |d 1906-1972  |4 pht  |9 98286 
245 1 0 |a Liptovský Mikuláš  |h grafika  |c Foto Hajduch 
260 |a [Bratislava]  |b VPL  |c 1963 
300 |a 1 pohľadnica  |b čiernobiela  |c 11 x 15 cm 
520 8 |a Zobrazenie: Pohľad na ulicu po chodníku kračajú ľudia po ceste ide automobil a cyklista 
650 0 7 |a ulice  |2 SNKPH  |9 2938 
651 7 |a Liptovský Mikuláš (Slovensko)  |2 SNKPHgeo  |9 36847 
655 7 |a miestne pohľadnice  |2 SNKPH  |9 70510 
852 |a Slovenská národná knižnica 
958 |a GC 
958 |a OND 
958 |a GBN 
958 |a EUIPO 
999 |c 780418  |d 782348 
952 |a SNK  |b SNK  |y PREZ  |7 0  |p 17A1378407  |o snkSP 84248  |z Pohľadnica prešla poštou.  |0 0  |1 0  |4 0  |d 2020-06-19  |f 1  |l 0  |r 2026-02-24 01:02:53  |w 2026-02-24